Carta general del Imperio Mexicano (Record no. 4186)
[ view plain ]
| 000 -CABECERA | |
|---|---|
| campo de control de longitud fija | 01069nam a2200253 a 4500 |
| 001 - NÚMERO DE CONTROL | |
| campo de control | BRCA_4480 |
| 005 - FECHA Y HORA DE LA ÚLTIMA TRANSACCIÓN | |
| campo de control | 20190320204703.0 |
| 008 - DATOS DE LONGITUD FIJA--INFORMACIÓN GENERAL | |
| campo de control de longitud fija | 090910s1865----mx-b######---#000-0#spa-# |
| 041 ## - CÓDIGO DE LENGUA | |
| Código de lengua del texto/banda sonora o título independiente | spa |
| 044 ## - CÓDIGO DEL PAÍS DE LA ENTIDAD EDITORA/PRODUCTORA | |
| Código MARC del país | mx |
| 050 #4 - SIGNATURA TOPOGRÁFICA DE LA BIBLIOTECA DEL CONGRESO | |
| Número de clasificación | G1549.M4 |
| Número de documento/Ítem | .C37 1865 |
| 245 10 - MENCIÓN DE TÍTULO | |
| Título | Carta general del Imperio Mexicano |
| Medio | material cartográfico |
| Resto del título | con presencia de los últimos datos y el auxilio de las autoridades competentes. |
| 260 ## - PUBLICACIÓN, DISTRIBUCIÓN, ETC. | |
| Lugar de publicación, distribución, etc. | México |
| Nombre del editor, distribuidor, etc. | Decaen y Debray |
| Fecha de publicación, distribución, etc. | 1865 |
| 300 ## - DESCRIPCIÓN FÍSICA | |
| Extensión | 5 mapas sobre un pliego |
| Otras características físicas | il. a color |
| Dimensiones | 90 x 128 cm., pleg. 34 x 24 cm. |
| 500 ## - NOTA GENERAL | |
| Nota general | Estado físico: mapa muy deteriorado |
| 500 ## - NOTA GENERAL | |
| Nota general | Escala: de leguas mexicanas de 26 y 1/2 al grado ( O 18º- O 18º / N 30º - N 15º) |
| 500 ## - NOTA GENERAL | |
| Nota general | En el anverso: Croquis de los caminos de México a Veracrúz. -- Puerto de Matamoros. -- Puerto de Veracrúz. -- Puerto de Tampico |
| 500 ## - NOTA GENERAL | |
| Nota general | Mapa inventariado por Banco de México como libro |
| 500 ## - NOTA GENERAL | |
| Nota general | CC10 |
| 650 14 - PUNTO DE ACCESO ADICIONAL DE MATERIA--TÉRMINO DE MATERIA | |
| Término de materia o nombre geográfico como elemento de entrada | Mapas |
| Subdivisión cronológica | 1865 |
| Subdivisión geográfica | México |
| 9 (RLIN) | 11350 |
| 651 #4 - PUNTO DE ACCESO ADICIONAL DE MATERIA--NOMBRE GEOGRÁFICO | |
| Nombre geográfico | México |
| Subdivisión general | Historia |
| Subdivisión cronológica | República liberal, 1867-1877 |
| 9 (RLIN) | 11351 |
| 902 ## - CATALOGADOR | |
| Iniciales | GFM |
| 942 ## - ELEMENTOS DE PUNTO DE ACCESO ADICIONAL (KOHA) | |
| Fuente del sistema de clasificación o colocación | Library of Congress Classification |
| Tipo de ítem Koha | Libros |
| Estado de retiro | Estado de pérdida | Estado dañado | No para préstamo | Localización permanente | Ubicación/localización actual | Fecha de adquisición | Número de inventario | Total de préstamos | Signatura topográfica completa | Código de barras | Fecha visto por última vez | Precio válido a partir de | Tipo de ítem Koha |
|---|---|---|---|---|---|---|---|---|---|---|---|---|---|
| El ejemplar forma parte de la colección y puede ser consultado según las políticas vigentes. | Biblioteca del Museo Franz Mayer (Rogerio Casas-Alatriste) | Biblioteca del Museo Franz Mayer (Rogerio Casas-Alatriste) | 09/09/2010 | CC10 | G1549.M4 .C37 1865 (CC10) | 4477 | 22/03/2019 | 22/03/2019 | Libros |